000 00589nam a22002297a 4500
003 UA-OsUOA
001 39026
007 ta
008 20080304b un ||||| |||| 00| 0 ukr d
100 _aРамач Л.
090 _a94(477).155
_bР21
942 _cBK
040 _aUA-OsUOA
_bukr
_cUA-OsUOA
_dUA-OsUOA
245 _aРусини-українці в Югославіі
300 _a71 с.
955 _a1
041 _aukr
080 _a94(477).155
260 _aВінніпег
_c1971
650 7 _a9 Географія. Біографії. Історія
_2UDC
999 _c437536
_d437536